|
|
|
|
| LEADER |
00000nam a2200000 a 4500 |
| 001 |
vtls001105104 |
| 003 |
SK-MaSNL |
| 005 |
20260301001341.0 |
| 008 |
250414s1977 xo 0 slo |
| 015 |
|
|
|a SNBA1977
|
| 035 |
|
|
|a SNK000047946
|
| 040 |
|
|
|a SNK
|b slo
|c SNK
|e AACR2
|
| 041 |
0 |
|
|a slo
|
| 044 |
|
|
|a xo
|c SK
|
| 080 |
|
|
|a 885.4-3
|2 1981
|
| 100 |
1 |
|
|a Beňo, Ján,
|d 1933-2020
|4 aut
|9 102772
|
| 245 |
1 |
0 |
|a Druhý semester
|c Ján BEŇO ; Ján Beňo, Vladislav Rostoka
|
| 250 |
|
|
|a 1. vyd.
|
| 260 |
|
|
|a Bratislava
|b Slovenský spisovateľ
|c 1977
|e Trnava
|f Polygrafické závody
|
| 300 |
|
|
|a 141 s., 7,27 AH
|c 20 cm
|
| 366 |
|
|
|e 10000 výtl.
|
| 490 |
0 |
|
|a Nová próza
|
| 500 |
|
|
|a Tit. dvojlist.
|
| 700 |
1 |
|
|a Beňo, Ján,
|d 1933-2020
|4 aut
|9 102772
|
| 700 |
1 |
|
|a Rostoka, Vladislav,
|d 1948-
|4 bkd
|9 220020
|
| 852 |
|
|
|a Slovenská národná knižnica
|
| 954 |
|
|
|a novely psychologické
|
| 954 |
|
|
|a mládež slovenská
|a študenti vysokoškolskí
|
| 954 |
|
|
|a dedina slovenská
|a rodina slovenská
|
| 958 |
|
|
|a OND
|
| 958 |
|
|
|a TL
|
| 999 |
|
|
|c 534716
|d 536646
|
| 952 |
|
|
|a SNK
|b SNK
|y VYP
|7 0
|p 17A1075403
|o snkSC 41465 D1
|i snkKSP 4074/77
|0 0
|1 0
|4 0
|d 2014-07-09
|l 0
|r 2026-02-23 12:21:40
|w 2026-02-23
|